Promoting Parliamentary Democracy (Record no. 231)
[ view plain ]
| 000 -LEADER | |
|---|---|
| fixed length control field | 00426nam a22001217a 4500 |
| 008 - FIXED-LENGTH DATA ELEMENTS--GENERAL INFORMATION | |
| fixed length control field | 230605b xxu||||| |||| 00| 0 eng d |
| 082 ## - DEWEY DECIMAL CLASSIFICATION NUMBER | |
| Classification number | 321.8043 |
| Item number | CPA |
| 245 ## - TITLE STATEMENT | |
| Title | Promoting Parliamentary Democracy |
| Statement of responsibility, etc. | Commonwealth Parliamentary Association. |
| 260 ## - PUBLICATION, DISTRIBUTION, ETC. (IMPRINT) | |
| Place of publication, distribution, etc. | London |
| Name of publisher, distributor, etc. | Common wealth Parliamentary Association |
| Date of publication, distribution, etc. | 2007 |
| 300 ## - PHYSICAL DESCRIPTION | |
| Extent | 16 p |
| 710 ## - ADDED ENTRY--CORPORATE NAME | |
| Subordinate unit | Common Wealth Parliamentary Association |
| Location of meeting | London, United Kingdom |
| Date of meeting or treaty signing | 2007 |
| 942 ## - ADDED ENTRY ELEMENTS (KOHA) | |
| Source of classification or shelving scheme | Dewey Decimal Classification |
| Koha item type | Books |
| Withdrawn status | Lost status | Source of classification or shelving scheme | Damaged status | Not for loan | Home library | Current library | Date acquired | Total Checkouts | Full call number | Barcode | Date last seen | Date last checked out | Price effective from | Koha item type |
|---|---|---|---|---|---|---|---|---|---|---|---|---|---|---|
| Dewey Decimal Classification | Bunge Tower Library | Bunge Tower Library | 06/05/2023 | 2 | 321.8043 CPA | 1000768 | 05/25/2026 | 05/25/2026 | 06/05/2023 | Books |
